000 00518nam a22001817a 4500
005 20250130153423.0
008 250130b |||||||| |||| 00| 0 eng d
020 _a9780230506381
050 _aHD 57.7 KET
_b1
100 _aKET de Vries F.R. Manfred
245 _aCoach and couch:
_bThe psychology of making better leaders
260 _aHoundmills
_bPalgrave macmillan
_c2007
300 _aLii, 364p
500 _aindex
700 _akorotov, Konstantin
700 _aFloren-treacy, Elizabeth
942 _2lcc
_cBK
_n0
999 _c3264
_d3264